[Event "XI Open Elite"]
[Site "Bergamo ITA"]
[Date "2012.07.15"]
[Round "5"]
[White "Cesarano, Marco"]
[Black "Ranfagni, Stefano"]
[WhiteElo "1929"]
[BlackElo "1994"]
[Result "1-0"]
[PlyCount "65"]
[EventDate "2012.07.13"]

1. d4 e6 2. Nf3 f5 3. g3 Nf6 4. Bg2 d5 5. c4 c6 6. Nc3 Bd6 7. O-O O-O 8. b3 Qe7
9. Bb2 Bd7 10. Ne5 Be8 11. f3 Nbd7 12. Nxd7 Bxd7 13. e4 fxe4 14. fxe4 e5 15. c5
Bxc5 16. dxc5 Qxc5+ 17. Kh1 Ng4 18. Na4 Nf2+ 19. Rxf2 Qxf2 20. Bxe5 Rae8 21.
Bd4 Qf7 22. Bc5 Qf6 23. Bxf8 Rxf8 24. Rc1 Qg5 25. exd5 Bg4 26. Qe1 cxd5 27. Nc5
Rc8 28. Nd3 Rd8 29. Nf4 d4 30. Ne6 Bxe6 31. Qxe6+ Kh8 32. Rc8 d3 33. Qe8+ 1-0

[Event "XI Open Elite"]
[Site "Bergamo ITA"]
[Date "2012.07.15"]
[Round "5"]
[White "Daskevics, Vadims"]
[Black "Neiksans, Arturs"]
[WhiteElo "2457"]
[BlackElo "2534"]
[Result "0-1"]
[PlyCount "80"]
[EventDate "2012.07.13"]

1. d4 f5 2. Nc3 Nf6 3. Bg5 d5 4. Bxf6 exf6 5. e3 Be6 6. Nh3 Qd7 7. Nf4 Bf7 8.
h4 h5 9. Qf3 c6 10. g3 g6 11. O-O-O Qc7 12. Bd3 Nd7 13. Qg2 O-O-O 14. g4 fxg4
15. Bxg6 Bxg6 16. Nxg6 Rh6 17. Nf4 f5 18. Rd3 Kb8 19. Nce2 Bd6 20. Kb1 Nf8 21.
Rc1 Bxf4 22. Nxf4 Ne6 23. Nxe6 Rxe6 24. c4 dxc4 25. Rxc4 f4 26. Rc5 Qh7 27. Kc2
b6 28. Rg5 fxe3 29. Qg3+ Kb7 30. fxe3 Rf8 31. d5 Rd8 32. e4 cxd5 33. exd5 Re2+
34. Kb3 Rd7 35. d6 Qe4 36. Rgd5 a5 37. R5d4 Qc6 38. Rd2 a4+ 39. Ka3 Qc5+ 40. b4
Qc1+ 0-1

[Event "XI Open Elite"]
[Site "Bergamo ITA"]
[Date "2012.07.15"]
[Round "5"]
[White "De Palma, Fabrizio"]
[Black "Salgado Lopez, Oscar"]
[WhiteElo "2084"]
[BlackElo "2218"]
[Result "1/2-1/2"]
[PlyCount "91"]
[EventDate "2012.07.13"]

1. d4 d5 2. Nf3 Nf6 3. c4 c6 4. Nc3 a6 5. e3 b5 6. b3 Bf5 7. Bd3 e6 8. Qc2 Bxd3
9. Qxd3 Nbd7 10. O-O Be7 11. e4 b4 12. e5 bxc3 13. exf6 Bxf6 14. cxd5 cxd5 15.
Qxc3 O-O 16. Ba3 Re8 17. Rac1 Rc8 18. Qxc8 Qxc8 19. Rxc8 Rxc8 20. Rc1 Rxc1+ 21.
Bxc1 Kf8 22. Ba3+ Ke8 23. Kf1 g5 24. g4 Nb8 25. Ke2 Nc6 26. Kd3 h5 27. gxh5 g4
28. Ne5 Nxe5+ 29. dxe5 Bxe5 30. h6 Bh8 31. Bc5 f5 32. b4 Kf7 33. a4 Kg6 34. Bd6
Bf6 35. b5 axb5 36. axb5 Bd8 37. Bf4 Bb6 38. Be3 Bc7 39. b6 Bxh2 40. Bg5 g3 41.
fxg3 Bxg3 42. Bd8 Bf2 43. Bc7 e5 44. b7 e4+ 45. Ke2 Ba7 46. Bf4 1/2-1/2

[Event "XI Open Elite"]
[Site "Bergamo ITA"]
[Date "2012.07.15"]
[Round "5"]
[White "Elitropi, Giorgio"]
[Black "Simonetto, Adriano"]
[WhiteElo "2016"]
[BlackElo "1919"]
[Result "1/2-1/2"]
[PlyCount "26"]
[EventDate "2012.07.13"]

1. e4 e5 2. f4 d5 3. exd5 exf4 4. Nf3 Nf6 5. Bc4 Nxd5 6. O-O Be6 7. Bb3 c6 8.
c4 Nb6 9. d4 Be7 10. Qe2 O-O 11. Bxf4 Bf6 12. Rd1 Re8 13. Qd3 g6 1/2-1/2

[Event "XI Open Elite"]
[Site "Bergamo ITA"]
[Date "2012.07.15"]
[Round "5"]
[White "Fernandez Saavedra, Jose' Luis"]
[Black "Sala, Giovanni"]
[WhiteElo "2099"]
[BlackElo "1996"]
[Result "0-1"]
[PlyCount "60"]
[EventDate "2012.07.13"]

1. Nf3 c5 2. c4 Nc6 3. Nc3 g6 4. d4 cxd4 5. Nxd4 Bg7 6. e3 Nf6 7. g3 O-O 8. Bg2
Nxd4 9. exd4 e6 10. Bf4 d5 11. c5 b6 12. O-O bxc5 13. dxc5 Ba6 14. Re1 Qa5 15.
Bd6 Rfd8 16. a3 Rxd6 17. cxd6 Qb6 18. d7 Nxd7 19. Nxd5 exd5 20. Qxd5 Rd8 21.
Rad1 Bf6 22. Qc6 Qxc6 23. Bxc6 Nf8 24. Rxd8 Bxd8 25. Re8 Bf6 26. b3 Kg7 27. Bd5
Nd7 28. Ra8 Bd4 29. Rd8 Nf6 30. Bxf7 Bb6 0-1

[Event "XI Open Elite"]
[Site "Bergamo ITA"]
[Date "2012.07.15"]
[Round "5"]
[White "Ferretti, Folco"]
[Black "Ventura, Franco"]
[WhiteElo "2283"]
[BlackElo "2084"]
[Result "0-1"]
[PlyCount "92"]
[EventDate "2012.07.13"]

1. Nf3 Nf6 2. c4 g6 3. g3 Bg7 4. Bg2 d6 5. O-O O-O 6. Nc3 c6 7. d3 Nbd7 8. Rb1
a5 9. a3 e5 10. b4 Nh5 11. b5 c5 12. Nd5 Ndf6 13. Bb2 Nxd5 14. cxd5 Nf6 15. Nd2
Nd7 16. e3 Nb6 17. f4 f6 18. Qc2 Bd7 19. a4 Qe7 20. Rbe1 Qd8 21. Rc1 Bh6 22. d4
cxd4 23. exd4 exf4 24. gxf4 Bf5 25. Be4 Rc8 26. Qb3 Qd7 27. Bc3 Bxe4 28. Nxe4
Qg4+ 29. Kh1 Bxf4 30. Rce1 Qh4 31. Rxf4 Qxf4 32. Bd2 Qh4 33. Nxd6 Rc7 34. Bxa5
Rd7 35. Nc4 Nxc4 36. Qxc4 Kh8 37. Bb4 Rfd8 38. a5 Rxd5 39. Qf1 Rf5 40. Qg2 Rxb5
41. Bc3 Rbd5 42. Rb1 Qf4 43. Qe2 Qc7 44. Qf3 Rf5 45. Rxb7 Qc4 46. Qh3 Qd5+ 0-1

[Event "XI Open Elite"]
[Site "Bergamo ITA"]
[Date "2012.07.15"]
[Round "5"]
[White "Georgiev, Kiril D."]
[Black "Kasparov, Sergey"]
[WhiteElo "2680"]
[BlackElo "2493"]
[Result "1/2-1/2"]
[PlyCount "97"]
[EventDate "2012.07.13"]

1. d4 d5 2. c4 c6 3. cxd5 cxd5 4. Bf4 Nc6 5. e3 Nf6 6. Nc3 Bg4 7. Qb3 Na5 8.
Qa4+ Bd7 9. Qc2 Rc8 10. Nf3 e6 11. Bd3 Nc4 12. O-O Be7 13. Ne5 O-O 14. Qe2 Nd6
15. Rfc1 Nfe4 16. Nxd7 Qxd7 17. Bxe4 Nxe4 18. Nxe4 dxe4 19. Rc2 Rc6 20. Rac1
Rfc8 21. h3 Qd5 22. b3 Ba3 23. Rxc6 Rxc6 24. Rxc6 Qxc6 25. Qc4 f5 26. g4 g6 27.
Qe2 a6 28. Kg2 Bf8 29. gxf5 gxf5 30. Qh5 Qd7 31. Kh2 Bd6 32. Qg5+ Kf7 33. Qg3
Bxf4 34. Qxf4 Kg6 35. Qe5 h6 36. Kg3 Kf7 37. a4 Qd5 38. Qc7+ Kf6 39. Qh7 Qxb3
40. Qxh6+ Kf7 41. Qh7+ Kf6 42. Qh8+ Kf7 43. a5 b5 44. Qc8 Qd1 45. Qd7+ Kf6 46.
Qd8+ Kf7 47. Qd7+ Kf6 48. Qd8+ Kf7 49. Qd7+ 1/2-1/2

[Event "XI Open Elite"]
[Site "Bergamo ITA"]
[Date "2012.07.15"]
[Round "5"]
[White "Gomez Dieguez, David"]
[Black "Cazzaniga, Walter"]
[WhiteElo "2081"]
[BlackElo "2148"]
[Result "1/2-1/2"]
[PlyCount "76"]
[EventDate "2012.07.13"]

1. e4 e6 2. d4 d5 3. Nd2 Nf6 4. e5 Nfd7 5. Bd3 c5 6. c3 Nc6 7. Ne2 cxd4 8. cxd4
f6 9. exf6 Nxf6 10. Nf3 Bd6 11. O-O O-O 12. Bg5 Qb6 13. Qd2 Bd7 14. Bh4 Rae8
15. Bg3 Bxg3 16. hxg3 e5 17. dxe5 Nxe5 18. Nxe5 Rxe5 19. Nf4 g5 20. Nh3 Bxh3
21. gxh3 Ne4 22. Bxe4 dxe4 23. Rae1 Qe6 24. Qd4 Re8 25. Kh2 Qxa2 26. Ra1 Qd5
27. Qxa7 e3 28. Rad1 Qf3 29. fxe3 Qe2+ 30. Kh1 Qh5 31. Kg2 Rxe3 32. Rd2 Re2+
33. Rf2 Rxd2 34. Rxd2 Re2+ 35. Rxe2 Qxe2+ 36. Qf2 Qe4+ 37. Qf3 Qc2+ 38. Qf2
Qe4+ 1/2-1/2

[Event "XI Open Elite"]
[Site "Bergamo ITA"]
[Date "2012.07.15"]
[Round "5"]
[White "Guzzetti, Luigi Enrico"]
[Black "Ventura, Salvatore"]
[WhiteElo "1908"]
[BlackElo "2014"]
[Result "0-1"]
[PlyCount "68"]
[EventDate "2012.07.13"]

1. e4 c5 2. Nf3 Nc6 3. d4 cxd4 4. Nxd4 g6 5. Be2 Bg7 6. Be3 Nf6 7. Nc3 O-O 8.
O-O d5 9. exd5 Nxd5 10. Nxd5 Qxd5 11. Bf3 Qa5 12. Nxc6 bxc6 13. c3 Rb8 14. b4
Qa6 15. Be2 Qa3 16. Qb3 Qxb3 17. axb3 Bxc3 18. Rxa7 Bxb4 19. Rc1 Be6 20. Rxc6
Bxb3 21. h4 Bd5 22. Rc1 h5 23. g4 hxg4 24. Bxg4 Bd6 25. Bh6 Rb4 26. f3 Rfb8 27.
Bg5 f6 28. Bd2 Rb1 29. Ra1 Rxa1 30. Rxa1 f5 31. Bh3 Bxf3 32. Rc1 Be4 33. Bg5
Rb2 34. Bf1 Bh2# 0-1

[Event "XI Open Elite"]
[Site "Bergamo ITA"]
[Date "2012.07.15"]
[Round "5"]
[White "Kaluzny, Lukasz"]
[Black "Lezzerini, Marco"]
[WhiteElo "1969"]
[BlackElo "1948"]
[Result "1-0"]
[PlyCount "105"]
[EventDate "2012.07.13"]

1. d4 d6 2. Nf3 Nf6 3. Bf4 g6 4. e3 Bg7 5. Bc4 O-O 6. O-O Nh5 7. Bg5 Nd7 8. c3
c5 9. Nbd2 cxd4 10. exd4 Rb8 11. Re1 Nhf6 12. Qe2 Re8 13. Bf4 Nb6 14. Bb3 Nbd5
15. Bg3 b5 16. Ng5 h6 17. Nge4 Bf5 18. Nxf6+ Nxf6 19. Nf3 Kf8 20. Nh4 Bd7 21.
Qd3 g5 22. Nf3 Bc6 23. h4 g4 24. Nd2 Bd5 25. Bxd5 Nxd5 26. Qf5 Nf6 27. Ne4 Qd7
28. Qf4 Nh5 29. Qe3 Nxg3 30. Nxg3 e5 31. dxe5 Rxe5 32. Qf4 Rbe8 33. Red1 Qe6
34. a3 Rd8 35. Rd3 Re1+ 36. Rxe1 Qxe1+ 37. Kh2 Qe6 38. Re3 Be5 39. Qb4 Qc4 40.
Kg1 Qxb4 41. axb4 Bxg3 42. Rxg3 f5 43. Rd3 d5 44. Kf1 Kf7 45. Ke2 Ke6 46. Re3+
Kd6 47. Kd3 Rc8 48. b3 f4 49. Re1 Rf8 50. Kd4 g3 51. f3 Rf5 52. Ra1 Re5 53.
Ra6+ 1-0

[Event "XI Open Elite"]
[Site "Bergamo ITA"]
[Date "2012.07.15"]
[Round "5"]
[White "Kizilkaya, Mehmet"]
[Black "Cacciola, Alfredo"]
[WhiteElo "2195"]
[BlackElo "2087"]
[Result "0-1"]
[PlyCount "90"]
[EventDate "2012.07.13"]

1. e4 c5 2. Nf3 d6 3. Bb5+ Bd7 4. Bxd7+ Qxd7 5. c4 Nf6 6. d3 e6 7. O-O Nc6 8.
Nc3 Be7 9. Ne1 d5 10. Bf4 O-O 11. e5 Ne8 12. cxd5 exd5 13. Qh5 Nc7 14. Nf3 Ne6
15. Bg3 Ncd4 16. Qg4 Nxf3+ 17. Qxf3 Rfd8 18. Ne2 b5 19. d4 c4 20. h4 b4 21. Qe3
Re8 22. f4 f5 23. h5 a5 24. Be1 Rf8 25. Qf3 a4 26. Kh2 a3 27. b3 cxb3 28. Qxb3
Qb5 29. Qf3 Rac8 30. Rb1 Qc4 31. Rb3 Nxd4 32. Nxd4 Qxd4 33. Rf2 Rf7 34. g4 Qe4
35. gxf5 Qxe1 36. h6 Rc1 37. Qg2 Bf8 38. Rg3 Rcc7 39. hxg7 Bc5 40. Re2 Qb1 41.
Rg5 h6 42. Rg4 Qxf5 43. Qg3 Qh5+ 44. Qh3 Qxh3+ 45. Kxh3 Rxg7 0-1

[Event "XI Open Elite"]
[Site "Bergamo ITA"]
[Date "2012.07.15"]
[Round "5"]
[White "Koetz, Andreas"]
[Black "Tarelli, Daniele"]
[WhiteElo "2008"]
[BlackElo "1909"]
[Result "1/2-1/2"]
[PlyCount "113"]
[EventDate "2012.07.13"]

1. d4 Nf6 2. c4 g6 3. Nc3 Bg7 4. e4 d6 5. Nf3 O-O 6. Be2 e5 7. O-O Nc6 8. d5
Ne7 9. b4 Nh5 10. g3 f5 11. Ng5 Nf6 12. Bf3 fxe4 13. Ncxe4 Nxe4 14. Bxe4 a5 15.
b5 b6 16. Rb1 Rb8 17. h4 Nf5 18. h5 Bf6 19. Ne6 Bxe6 20. dxe6 Bg5 21. hxg6 h6
22. Kg2 Qf6 23. Qh5 Nxg3 24. Kxg3 Bxc1 25. Qg4 Bf4+ 26. Kg2 Rbe8 27. Rb3 Kg7
28. Bd5 Qxg6 29. Qxg6+ Kxg6 30. Rh1 Re7 31. Kf1 Bg5 32. Rhh3 Rf4 33. Rbf3 Rd4
34. Rf7 Rxf7 35. exf7 Kg7 36. a3 a4 37. Rf3 Bf4 38. Ke1 Rxd5 39. cxd5 Kxf7 40.
Rc3 Kf6 41. Rxc7 e4 42. Rc6 Ke5 43. Rxb6 Kxd5 44. Ra6 Kc5 45. Rxa4 d5 46. Rb4
Bc7 47. Rb1 Ba5+ 48. Ke2 d4 49. a4 Bb6 50. f3 d3+ 51. Ke3 Kc4+ 52. Kxe4 Kc3 53.
Rc1+ Kb2 54. Rc6 d2 55. Rd6 Kc2 56. Rc6+ Kb2 57. Rd6 1/2-1/2

[Event "XI Open Elite"]
[Site "Bergamo ITA"]
[Date "2012.07.15"]
[Round "5"]
[White "Migliorini, Matteo"]
[Black "Di Chiara, Mauro"]
[WhiteElo "1996"]
[BlackElo "1953"]
[Result "0-1"]
[PlyCount "76"]
[EventDate "2012.07.13"]

1. e4 d6 2. d4 Nf6 3. Nc3 g6 4. Be3 Bg7 5. Qd2 O-O 6. O-O-O c6 7. f3 b5 8. Bh6
Bxh6 9. Qxh6 Qa5 10. Kb1 Be6 11. d5 cxd5 12. exd5 Bf5 13. Bd3 Bxd3 14. Rxd3
Nbd7 15. Nh3 Ne5 16. Ng5 Rfc8 17. Nce4 Ned7 18. h4 Qc7 19. Rc3 Qd8 20. h5 Qf8
21. hxg6 Qxh6 22. Rxh6 hxg6 23. f4 Rxc3 24. Nxc3 Kg7 25. Rh3 b4 26. Nb5 Nb6 27.
Nd4 Nbxd5 28. f5 Nf4 29. Rg3 Rh8 30. b3 N6d5 31. Ne4 Rh2 32. fxg6 fxg6 33. Rg4
Nxg2 34. Ne6+ Kf7 35. N6g5+ Ke8 36. Nf3 Rh1+ 37. Kb2 Nge3 38. Rg1 Rxg1 0-1

[Event "XI Open Elite"]
[Site "Bergamo ITA"]
[Date "2012.07.15"]
[Round "5"]
[White "Moroni, Luca jr"]
[Black "Curtacci, Sergio"]
[WhiteElo "2128"]
[BlackElo "2034"]
[Result "1-0"]
[PlyCount "115"]
[EventDate "2012.07.13"]

1. Nf3 Nf6 2. c4 d6 3. d4 Nbd7 4. g3 e5 5. Bg2 Be7 6. O-O O-O 7. Nc3 c6 8. e4
Re8 9. d5 Bf8 10. Ne1 Nc5 11. Nd3 cxd5 12. cxd5 Nxd3 13. Qxd3 a6 14. h3 Nd7 15.
Be3 g6 16. a4 Bg7 17. a5 Rf8 18. f3 f5 19. Bf2 Nf6 20. Na4 fxe4 21. fxe4 Bd7
22. Qb3 Bb5 23. Rfc1 Nh5 24. Nb6 Qf6 25. Qf3 Qe7 26. Qe3 Rad8 27. Bf1 Qf7 28.
Rc2 Bxf1 29. Rxf1 Rde8 30. Qd3 Re7 31. Be1 Qxf1+ 32. Qxf1 Rxf1+ 33. Kxf1 Rf7+
34. Kg2 Nf6 35. Rc4 Bf8 36. Bd2 h6 37. g4 g5 38. Na4 Kg7 39. Nc3 Kg6 40. Nd1 h5
41. Ne3 hxg4 42. hxg4 Rh7 43. Be1 Rd7 44. Kf3 Rh7 45. Nf5 Rh1 46. Bf2 Ra1 47.
Rc8 Nh7 48. Rd8 Rxa5 49. Nxd6 Ra2 50. Nc4 Bg7 51. Bg3 Nf6 52. Nxe5+ Kh7 53. Nd3
Ra4 54. e5 Nxg4 55. e6 Rd4 56. e7 Nf6 57. Be5 g4+ 58. Kg2 1-0

[Event "XI Open Elite"]
[Site "Bergamo ITA"]
[Date "2012.07.15"]
[Round "5"]
[White "Pescatore, Lorenzo"]
[Black "Platino, Maurizio"]
[WhiteElo "2201"]
[BlackElo "1901"]
[Result "1-0"]
[PlyCount "43"]
[EventDate "2012.07.13"]

1. e4 e6 2. d4 d5 3. Nc3 Nf6 4. Bg5 Bb4 5. exd5 exd5 6. Qf3 Nbd7 7. Bd3 c6 8.
Nge2 Bxc3+ 9. Nxc3 O-O 10. O-O-O Qa5 11. Kb1 b5 12. Ne2 Re8 13. Ng3 Ba6 14. h4
b4 15. Bxf6 Nxf6 16. h5 Bxd3 17. cxd3 b3 18. a3 Qb6 19. h6 Qxd4 20. hxg7 Ng4
21. Nf5 Qxf2 22. Qxg4 1-0

[Event "XI Open Elite"]
[Site "Bergamo ITA"]
[Date "2012.07.15"]
[Round "5"]
[White "Sorbera, Giovanni"]
[Black "De Leon Justo, Alejandro"]
[WhiteElo "2165"]
[BlackElo "2020"]
[Result "1-0"]
[PlyCount "97"]
[EventDate "2012.07.13"]

1. e4 e5 2. Nf3 Nc6 3. d4 exd4 4. Nxd4 Bc5 5. Be3 Bb6 6. Nc3 d6 7. Bc4 Nf6 8.
f3 Bd7 9. Qd2 Qe7 10. O-O-O h5 11. Nxc6 Bxe3 12. Qxe3 Bxc6 13. Qg5 O-O-O 14.
Qxg7 Rdg8 15. Qxf7 Qxf7 16. Bxf7 Rxg2 17. Rd2 Rg7 18. Be6+ Kb8 19. Nd1 h4 20.
Ne3 h3 21. Rdd1 Bd7 22. Bb3 Rh6 23. Rhg1 Rhg6 24. Rxg6 Rxg6 25. Kd2 Kc8 26. Ke2
Kd8 27. Kf2 Ke7 28. Bc4 b5 29. Bd3 Rg7 30. Rg1 Rf7 31. Rg5 c5 32. Nf5+ Bxf5 33.
Rxf5 Rg7 34. Bf1 Nd7 35. Bxh3 Rh7 36. Kg3 Ne5 37. Bf1 Nc6 38. c3 a6 39. f4 Nb8
40. Rg5 Nd7 41. Bh3 Nf6 42. Bf5 Rh8 43. Bg6 b4 44. h4 bxc3 45. bxc3 Rb8 46. h5
Rb1 47. e5 dxe5 48. Rxe5+ Kd6 49. Bxb1 1-0

[Event "XI Open Elite"]
[Site "Bergamo ITA"]
[Date "2012.07.15"]
[Round "5"]
[White "Stella, Andrea"]
[Black "Valsecchi, Alessio"]
[WhiteElo "2442"]
[BlackElo "2425"]
[Result "1/2-1/2"]
[PlyCount "53"]
[EventDate "2012.07.13"]

1. e4 c5 2. Nf3 d6 3. d4 cxd4 4. Nxd4 Nf6 5. Nc3 a6 6. Bg5 e6 7. f4 Qb6 8. Qd2
Qxb2 9. Rb1 Qa3 10. e5 dxe5 11. fxe5 Nfd7 12. Ne4 h6 13. Bb5 hxg5 14. Rb3 Qxa2
15. Qc3 axb5 16. Qxc8+ Ke7 17. O-O Qa7 18. Rd3 Nxe5 19. Nc5 Nbd7 20. Nf5+ exf5
21. Rxd7+ Kf6 22. Rxf7+ Kg6 23. Qxf5+ Kh6 24. Qh3+ Kg6 25. Qf5+ Kh6 26. Qh3+
Kg6 27. Qf5+ 1/2-1/2

[Event "XI Open Elite"]
[Site "Bergamo ITA"]
[Date "2012.07.15"]
[Round "5"]
[White "Stoppa, Omar"]
[Black "Bargeri, Ludovico"]
[WhiteElo "2300"]
[BlackElo "1954"]
[Result "1/2-1/2"]
[PlyCount "71"]
[EventDate "2012.07.13"]

1. e4 e6 2. d4 d5 3. Nc3 Bb4 4. Bd3 c5 5. exd5 exd5 6. dxc5 Ne7 7. Nf3 Bxc5 8.
O-O O-O 9. Bf4 Nbc6 10. a3 h6 11. h3 Be6 12. b4 Bd6 13. Bxd6 Qxd6 14. Qd2 Rad8
15. Nb5 Qd7 16. Nbd4 Nxd4 17. Nxd4 Nc6 18. Bb5 Qd6 19. Bxc6 bxc6 20. Rfe1 Rfe8
21. Qc3 Bd7 22. Rxe8+ Rxe8 23. Re1 Re5 24. Rxe5 Qxe5 25. Qe3 Qxe3 26. fxe3 Kf8
27. Kf2 Ke7 28. Ke2 Kd6 29. Nb3 g5 30. Kd3 Bf5+ 31. Kc3 h5 32. Nc5 h4 33. Nd3
Be4 34. Ne1 Ke5 35. Kd2 f5 36. Ke2 1/2-1/2

[Event "XI Open Elite"]
[Site "Bergamo ITA"]
[Date "2012.07.15"]
[Round "6"]
[White "Bonassi, Tommaso"]
[Black "Stoppa, Omar"]
[WhiteElo "1928"]
[BlackElo "2300"]
[Result "0-1"]
[PlyCount "68"]
[EventDate "2012.07.13"]

1. e4 e5 2. Nf3 Nc6 3. Bc4 Nf6 4. d3 Be7 5. Bb3 O-O 6. c3 d5 7. Qe2 a5 8. exd5
Nxd5 9. Nxe5 Nxe5 10. Qxe5 c6 11. Bxd5 cxd5 12. Bf4 Bf6 13. Qd6 Qe8+ 14. Kd2
Qb5 15. Kc2 Rd8 16. Na3 Qa4+ 17. b3 Qe8 18. Rae1 Be6 19. Qb6 a4 20. b4 Rac8 21.
Bd2 Bxc3 22. Bxc3 d4 23. Nc4 dxc3 24. Kxc3 Qd7 25. Rd1 Rc6 26. Qb5 Qd4+ 27. Kc2
a3 28. Kb3 Bxc4+ 29. dxc4 Qb2+ 30. Ka4 Ra8+ 31. Qa5 Qc2+ 32. Kb5 Qxc4+ 33. Ka4
b5+ 34. Kxa3 Qc3# 0-1

[Event "XI Open Elite"]
[Site "Bergamo ITA"]
[Date "2012.07.15"]
[Round "6"]
[White "Borgo, Giulio"]
[Black "Brunello, Sabino"]
[WhiteElo "2384"]
[BlackElo "2586"]
[Result "0-1"]
[PlyCount "64"]
[EventDate "2012.07.13"]

1. e4 c5 2. Nf3 d6 3. d4 cxd4 4. Qxd4 Nc6 5. Bb5 a6 6. Bxc6+ bxc6 7. c4 e5 8.
Qd3 Nf6 9. Nc3 Qc7 10. O-O h6 11. b3 Be7 12. Ba3 O-O 13. c5 dxc5 14. Qe3 c4 15.
Bxe7 Qxe7 16. bxc4 Bg4 17. Rab1 Rab8 18. Nh4 Rb4 19. h3 Be6 20. Nf5 Bxf5 21.
Rxb4 Qxb4 22. exf5 Qxc4 23. Re1 Rd8 24. Ne4 Nd5 25. Qd2 f6 26. Qa5 Rb8 27. a3
Kh7 28. Nd6 Qd3 29. Qc5 Nf4 30. Qxc6 Rb1 31. Kh2 Rxe1 32. Ne8 Qd5 0-1

[Event "XI Open Elite"]
[Site "Bergamo ITA"]
[Date "2012.07.15"]
[Round "6"]
[White "Cacciola, Alfredo"]
[Black "Daskevics, Vadims"]
[WhiteElo "2087"]
[BlackElo "2457"]
[Result "1/2-1/2"]
[PlyCount "110"]
[EventDate "2012.07.13"]

1. e4 c5 2. Nf3 Nc6 3. d4 cxd4 4. Nxd4 Nf6 5. Nc3 d6 6. Be2 e5 7. Nf3 h6 8. h3
Be6 9. O-O Be7 10. Re1 O-O 11. Bf1 Qd7 12. Nd5 Bd8 13. c4 Nh7 14. Bd2 Ng5 15.
Nxg5 Bxg5 16. Bc3 Rac8 17. a4 g6 18. b4 f5 19. exf5 gxf5 20. Ra3 Qf7 21. f4 Bh4
22. b5 Bxe1 23. Qxe1 Bxd5 24. cxd5 Qxd5 25. bxc6 Qc5+ 26. Kh1 Qxa3 27. Bc4+ Kh7
28. fxe5 Qc5 29. Qh4 dxe5 30. Bb4 Qxb4 31. Bg8+ Kxg8 32. Qxb4 bxc6 33. Qd6 Rf7
34. Qxh6 e4 35. Qg6+ Kf8 36. Qd6+ Kg7 37. Qg3+ Kf8 38. Qd6+ Re7 39. Qf6+ Ke8
40. Qxf5 Rd8 41. Qc5 Re6 42. Qh5+ Kd7 43. Qf7+ Re7 44. Qf5+ Kc7 45. Qa5+ Kc8
46. Qa6+ Kb8 47. Qxc6 e3 48. Qb5+ Kc7 49. Qc5+ Kd7 50. Qf5+ Re6 51. Qd5+ Ke7
52. Qg5+ Ke8 53. Qh5+ Kf8 54. Qf5+ Ke7 55. Qg5+ Ke8 1/2-1/2

[Event "XI Open Elite"]
[Site "Bergamo ITA"]
[Date "2012.07.15"]
[Round "6"]
[White "Cazzaniga, Walter"]
[Black "De Palma, Fabrizio"]
[WhiteElo "2148"]
[BlackElo "2084"]
[Result "1/2-1/2"]
[PlyCount "66"]
[EventDate "2012.07.13"]

1. c4 Nf6 2. Nc3 c5 3. g3 d5 4. cxd5 Nxd5 5. Bg2 Nc7 6. Nf3 Nc6 7. O-O e5 8. d3
Be7 9. Be3 Rb8 10. Rc1 O-O 11. Nd2 Nd4 12. Nc4 f6 13. f4 b5 14. Na5 Nce6 15.
Nc6 Nxc6 16. Bxc6 exf4 17. gxf4 Nd4 18. Bd5+ Kh8 19. Bg2 Bg4 20. Re1 Nf5 21.
Bf2 Bd6 22. Qd2 g5 23. Nd5 Rc8 24. b4 Nh4 25. Bh1 Ng6 26. bxc5 Bxf4 27. e3 Bb8
28. d4 Nh4 29. Bxh4 gxh4 30. Qf2 Be6 31. Nf4 Rg8+ 32. Kf1 Bc4+ 33. Rxc4 bxc4
1/2-1/2

[Event "XI Open Elite"]
[Site "Bergamo ITA"]
[Date "2012.07.15"]
[Round "6"]
[White "Cesarano, Marco"]
[Black "Ferretti, Folco"]
[WhiteElo "1929"]
[BlackElo "2283"]
[Result "0-1"]
[PlyCount "76"]
[EventDate "2012.07.13"]

1. d4 Nf6 2. Nf3 e6 3. Nbd2 c5 4. e3 d5 5. c3 Nc6 6. Bd3 Bd6 7. O-O O-O 8. dxc5
Bxc5 9. e4 h6 10. e5 Ng4 11. Qe2 Qc7 12. Nb3 Bb6 13. Bf4 f6 14. Bg3 Ngxe5 15.
Nxe5 Nxe5 16. Rfe1 Qf7 17. Bb5 Ng6 18. Rad1 f5 19. Bd6 Rd8 20. Bc5 Bc7 21. c4
a6 22. Ba4 dxc4 23. Rxd8+ Bxd8 24. Nd4 b5 25. Bc2 e5 26. Nc6 Bf6 27. Qh5 e4 28.
f3 Bd7 29. Nd4 Qd5 30. Nb3 Nf4 31. Bxe4 fxe4 32. Qxd5+ Nxd5 33. Na5 exf3 34.
gxf3 Bxb2 35. Rd1 Be6 36. Nc6 Rc8 37. Rxd5 Rxc6 38. Rd8+ Kh7 0-1

[Event "XI Open Elite"]
[Site "Bergamo ITA"]
[Date "2012.07.15"]
[Round "6"]
[White "Curtacci, Sergio"]
[Black "Castrogiovanni, Carlo"]
[WhiteElo "2034"]
[BlackElo "1978"]
[Result "1/2-1/2"]
[PlyCount "72"]
[EventDate "2012.07.13"]

1. d4 Nf6 2. Nf3 c6 3. Nbd2 d5 4. e3 Bf5 5. Bd3 e6 6. Qe2 Ne4 7. O-O Bd6 8.
Bxe4 dxe4 9. Ne5 Bxe5 10. dxe5 O-O 11. Nc4 Qc7 12. Bd2 Nd7 13. Bc3 b5 14. Nd6
f6 15. Nxf5 exf5 16. exf6 Nxf6 17. Rfd1 Nd5 18. Bd4 a6 19. c4 Nb6 20. b3 c5 21.
Bb2 bxc4 22. bxc4 Na4 23. Rd2 Nxb2 24. Rxb2 Rfd8 25. Qh5 g6 26. Qg5 Rab8 27.
Rc2 Rd3 28. h4 Qd8 29. Qf4 Qd6 30. Qxd6 Rxd6 31. Kf1 Kg7 32. Ke2 Kf6 33. g3
Rdb6 34. Rd1 Rb2 35. Rdd2 Rxc2 36. Rxc2 g5 1/2-1/2

[Event "XI Open Elite"]
[Site "Bergamo ITA"]
[Date "2012.07.15"]
[Round "6"]
[White "De Leon Justo, Alejandro"]
[Black "Bargeri, Ludovico"]
[WhiteElo "2020"]
[BlackElo "1954"]
[Result "1-0"]
[PlyCount "123"]
[EventDate "2012.07.13"]

1. e4 e6 2. d4 d5 3. Nd2 Nf6 4. e5 Nfd7 5. Bd3 c5 6. c3 Nc6 7. Ne2 cxd4 8. cxd4
f6 9. exf6 Nxf6 10. O-O Bd6 11. Nf3 Qd7 12. g3 O-O 13. Bf4 Ng4 14. Bxd6 Qxd6
15. Nc3 e5 16. Nxe5 Ncxe5 17. dxe5 Nxe5 18. Be4 Be6 19. Nxd5 Rad8 20. Ne3 Qb8
21. Qe2 Rd4 22. Bg2 Rfd8 23. Rfd1 b5 24. b3 a6 25. Rxd4 Rxd4 26. Re1 Rd6 27.
Rd1 Qd8 28. Rxd6 Qxd6 29. Be4 Qd4 30. Bxh7+ Kxh7 31. Qh5+ Kg8 32. Qe8+ Kh7 33.
Qxe6 a5 34. Qh3+ Kg8 35. Qc8+ Kh7 36. Qc2+ Kg8 37. Qc8+ Kh7 38. h4 Nf3+ 39. Kg2
Ne1+ 40. Kf1 Nd3 41. Qf5+ Kh8 42. Qh5+ Kg8 43. Qd5+ Qxd5 44. Nxd5 Nc1 45. Ne7+
Kf7 46. Nc6 Nxa2 47. Nxa5 Ke6 48. g4 Ke5 49. f3 Kf4 50. h5 Nc3 51. Kg2 Ne2 52.
Nc6 Ke3 53. Ne7 Nf4+ 54. Kg3 Ne2+ 55. Kh4 Kf4 56. Ng6+ Kxf3 57. g5 Nd4 58. Ne7
Kf4 59. h6 gxh6 60. gxh6 Nf3+ 61. Kh5 Ng5 62. Kg6 1-0

[Event "XI Open Elite"]
[Site "Bergamo ITA"]
[Date "2012.07.15"]
[Round "6"]
[White "Di Chiara, Mauro"]
[Black "Elitropi, Giorgio"]
[WhiteElo "1953"]
[BlackElo "2016"]
[Result "1/2-1/2"]
[PlyCount "94"]
[EventDate "2012.07.13"]

1. d4 g6 2. Nf3 Bg7 3. c4 f5 4. Nc3 d6 5. e4 fxe4 6. Nxe4 Nf6 7. Nxf6+ Bxf6 8.
Be2 O-O 9. O-O Bg7 10. Bg5 Qe8 11. Qd2 Nc6 12. d5 Ne5 13. Nxe5 Bxe5 14. Bh6 Bg7
15. Bxg7 Kxg7 16. Qd4+ Kg8 17. Rae1 Qf7 18. f4 Qg7 19. Qxg7+ Kxg7 20. Bd3 Rf7
21. Re3 Bd7 22. g3 a5 23. Rfe1 Kf8 24. Kg2 Re8 25. h4 Kg7 26. Rh1 h5 27. Rhe1
Bf5 28. Bxf5 gxf5 29. b3 Kf8 30. Re6 Rf6 31. Rxf6+ exf6 32. Rxe8+ Kxe8 33. Kf3
Kf7 34. Ke3 Ke7 35. Kd4 c5+ 36. Kc3 Kd7 37. Kb2 Kc7 38. Ka3 Kb6 39. Ka4 Ka6 40.
a3 Kb6 41. b4 axb4 42. axb4 cxb4 43. Kxb4 Kc7 44. Kb5 Kd7 45. Kb6 Kc8 46. Ka5
Kc7 47. Kb5 Kd7 1/2-1/2

[Event "XI Open Elite"]
[Site "Bergamo ITA"]
[Date "2012.07.15"]
[Round "6"]
[White "Godena, Michele"]
[Black "Angelini, Marco"]
[WhiteElo "2512"]
[BlackElo "2192"]
[Result "1-0"]
[PlyCount "83"]
[EventDate "2012.07.13"]

1. e4 c5 2. Nf3 d6 3. Bc4 Nf6 4. d3 Nc6 5. c3 e6 6. Bb3 Be7 7. O-O O-O 8. Re1
a6 9. Nbd2 b5 10. Nf1 Bb7 11. Ng3 Qc7 12. Bf4 Rfd8 13. Rc1 h6 14. d4 e5 15. Be3
Na5 16. d5 Nxb3 17. axb3 Bf8 18. Nd2 g6 19. b4 Qd7 20. Nb3 Rac8 21. bxc5 dxc5
22. c4 Ng4 23. Bd2 f5 24. Na5 Ba8 25. exf5 gxf5 26. h3 bxc4 27. Bc3 Nf6 28.
Rxe5 Nxd5 29. Nxf5 Qf7 30. Qg4+ Kh7 31. Rce1 Rc7 32. Nxc4 Nf6 33. Qh4 Qg6 34.
Ng3 Bg7 35. Ba5 Rd4 36. f4 Rf7 37. Ne3 Nd7 38. Rf5 Re7 39. Qxe7 Qxg3 40. Rf7
Re4 41. Qxd7 Rxe3 42. Rxg7+ 1-0